00165nam a2200073 4500100001900000245003900019260002600058300000700084 aRangika Perera aApplication of Nanofluidic Devices aColombobICHEMCc2016 a26